[Event "EU-ch Rapid"]
[Site "Katowice"]
[Date "2022.12.17"]
[Round "1"]
[White "Saric, Ante"]
[Black "Ivanov, Taras"]
[Result "1-0"]
[WhiteElo "2504"]
[BlackElo "1716"]
[PlyCount "93"]
[EventDate "2022.12.17"]
[EventType "swiss (rapid)"]
[EventRounds "11"]
[EventCountry "POL"]
[SourceTitle "CBM 211 Extra"]
[Source "ChessBase"]
[SourceDate "2023.01.31"]
[SourceVersion "1"]
[SourceVersionDate "2023.01.31"]
[SourceQuality "1"]

1. Nf3 d5 2. g3 Nf6 3. Bg2 e6 4. 0-0 Be7 5. c4 c6 6. Qc2 0-0 7. d4 dxc4 8. Qxc4 b5 9. Qc2 Bb7 10. Rd1 Qb6 11. Ne5 Rd8 12. Nc3 Nbd7 13. Bg5 h6 14. Nxd7 Rxd7 15. Bxf6 Bxf6 16. e3 Rc8 17. Ne4 Be7 18. Rac1 Rdd8 19. Nc5 Bxc5 20. Qxc5 Qxc5 21. Rxc5 Kf8 22. Rdc1 Rd6 23. a4 a6 24. a5 Ke7 25. f4 f6 26. Kf2 Kd7 27. h4 Ke7 28. g4 Kf7 29. Be4 Ke7 30. Kg3 Kf7 31. g5 hxg5 32. hxg5 f5 33. Bf3 g6 34. R5c2 Kg7 35. Kf2 Rh8 36. Kg2 Rc8 37. Kg3 Kf7 38. Rh1 Rg8 39. Kf2 Kg7 40. Ke2 Rc8 41. Kd3 Rh8 42. Rxh8 Kxh8 43. Kc3 Rd7 44. Bg2 Kg7 45. Kb4 c5+ 46. dxc5 Bxg2 47. Rxg2 1-0

[Event "EU-ch Blitz"]
[Site "Katowice"]
[Date "2022.12.16"]
[Round "1"]
[White "Ivanov, Taras"]
[Black "Stefanova, Antoaneta"]
[Result "0-1"]
[WhiteElo "1716"]
[BlackElo "2442"]
[PlyCount "64"]
[EventDate "2022.12.16"]
[EventType "swiss (blitz)"]
[EventRounds "22"]
[EventCountry "POL"]
[SourceTitle "CBM 211 Extra"]
[Source "ChessBase"]
[SourceDate "2023.01.31"]
[SourceVersion "1"]
[SourceVersionDate "2023.01.31"]
[SourceQuality "1"]

1. d4 d5 2. g3 Bf5 3. Bg2 e6 4. Nf3 h6 5. c4 c6 6. 0-0 Nd7 7. Nc3 Ngf6 8. Nd2 Be7 9. e4 dxe4 10. Ndxe4 0-0 11. Qb3 Qb6 12. Qxb6 Nxb6 13. b3 a5 14. Be3 Nfd7 15. Rfd1 Ba3 16. Bc1 Bb4 17. Bf4 a4 18. Bd6 Bxc3 19. Nxc3 Rfc8 20. Rac1 axb3 21. axb3 Nf6 22. Ne2 Ra2 23. Nf4 Bc2 24. Rd2 Bxb3 25. Rxa2 Bxa2 26. c5 Nbd5 27. Rc2 Ra8 28. Rb2 Bc4 29. h4 Ng4 30. Bf3 Ra1+ 31. Kg2 Bf1+ 32. Kh1 Bh3+ 0-1

[Event "Lvov Buturina Memorial 2nd"]
[Site "Lvov"]
[Date "2022.11.18"]
[Round "1"]
[White "Buha, Iwan"]
[Black "Ivanov, Taras"]
[Result "0-1"]
[WhiteElo "1390"]
[BlackElo "1716"]
[PlyCount "130"]
[EventDate "2022.11.18"]
[EventType "swiss (rapid)"]
[EventRounds "9"]
[EventCountry "UKR"]
[SourceTitle "CBM 212 Extra"]
[Source "ChessBase"]
[SourceDate "2023.03.31"]
[SourceVersion "1"]
[SourceVersionDate "2023.03.31"]
[SourceQuality "1"]

1. e4 c5 2. Nc3 Nc6 3. Bc4 d6 4. Nge2 g6 5. 0-0 Bg7 6. d3 e6 7. Qe1 Nge7 8. Bb3 0-0 9. a3 Rb8 10. Rb1 b5 11. Bd2 Re8 12. Qd1 a6 13. Ba2 d5 14. Ng3 c4 15. Nce2 f5 16. f3 Bb7 17. Nf4 Qd7 18. Re1 g5 19. exd5 gxf4 20. dxc6 Qd4+ 21. Kh1 fxg3 22. cxb7 Qh4 23. h3 Nd5 24. dxc4 bxc4 25. f4 Nxf4 26. Bxf4 Qxf4 27. Qe2 Rxb7 28. Rf1 Qe5 29. Bxc4 Qxe2 30. Bxe2 Rxb2 31. Rxb2 Bxb2 32. Bc4 Kg7 33. a4 a5 34. Rf3 Be5 35. Kg1 Kf6 36. Kf1 Rb8 37. Bb3 Rb4 38. Ke2 f4 39. Kf1 Kf5 40. Rd3 Bd4 41. Ke2 h5 42. Rd1 Bc3 43. Rd3 Re4+ 44. Kf3 Bd4 45. c3 Bc5 46. Bc2 Ke5 47. Bb3 Re1 48. Bd1 Kf5 49. Be2 Ke5 50. Rd1 Bf2 51. c4 Rxd1 52. Bxd1 Be3 53. Be2 Kd4 54. Bf1 e5 55. c5 e4+ 56. Ke2 Kxc5 57. Kd1 f3 58. Kc2 Kb4 59. Kb2 Kxa4 60. Kc3 Ka3 61. Kc4 a4 62. Kd5 f2 63. Kxe4 Bg5 64. Kf3 Bh4 65. Bc4 Kb4 0-1

[Event "Elitzur Int Online"]
[Site "Chess.com INT"]
[Date "2020.11.01"]
[Round "10"]
[White "Aizenberg, Benny"]
[Black "Ivanov, Taras"]
[Result "1/2-1/2"]
[WhiteElo "2279"]
[BlackElo "1485"]
[PlyCount "31"]
[EventDate "2020.11.01"]
[EventType "swiss (blitz)"]
[EventRounds "11"]
[EventCountry "ISR"]
[SourceTitle "CBM 199 Extra"]
[Source "ChessBase"]
[SourceDate "2021.01.31"]
[SourceVersion "1"]
[SourceVersionDate "2021.01.31"]
[SourceQuality "1"]

1. e4 c5 2. Nf3 Nc6 3. d4 cxd4 4. Nxd4 e5 5. Nb5 d6 6. g3 f5 7. N1c3 a6 8. Na3 Nf6 9. Bg5 Be7 10. Bxf6 Bxf6 11. Nc4 Be7 12. Qh5+ g6 13. Qh6 b5 14. Ne3 Bg5 15. Qg7 Bf6 16. Qh6 1/2-1/2

[Event "Elitzur Int Online"]
[Site "Chess.com INT"]
[Date "2020.11.01"]
[Round "2"]
[White "Boruchovsky, Avital"]
[Black "Ivanov, Taras"]
[Result "1-0"]
[WhiteElo "2541"]
[BlackElo "1485"]
[PlyCount "53"]
[EventDate "2020.11.01"]
[EventType "swiss (blitz)"]
[EventRounds "11"]
[EventCountry "ISR"]
[SourceTitle "CBM 199 Extra"]
[Source "ChessBase"]
[SourceDate "2021.01.31"]
[SourceVersion "1"]
[SourceVersionDate "2021.01.31"]
[SourceQuality "1"]

1. Nf3 c5 2. e4 Nc6 3. c3 e6 4. d4 cxd4 5. cxd4 d5 6. e5 Bb4+ 7. Bd2 Bxd2+ 8. Qxd2 Nge7 9. Nc3 Bd7 10. Nb5 0-0 11. Bd3 f6 12. exf6 gxf6 13. 0-0 e5 14. dxe5 Nxe5 15. Nbd4 Kh8 16. Rfe1 N7g6 17. Bxg6 Nxg6 18. Rad1 Qc7 19. Ne6 Bxe6 20. Rxe6 Nf4 21. Ree1 Rae8 22. g3 Ng6 23. Rxe8 Rxe8 24. Qxd5 Qc2 25. Qd2 Qc6 26. Qc3 Qe6 27. Re1 1-0

[Event "Elitzur Int Online"]
[Site "Chess.com INT"]
[Date "2020.11.01"]
[Round "5"]
[White "Safarov, Deniel"]
[Black "Ivanov, Taras"]
[Result "0-1"]
[WhiteElo "1720"]
[BlackElo "1485"]
[PlyCount "70"]
[EventDate "2020.11.01"]
[EventType "swiss (blitz)"]
[EventRounds "11"]
[EventCountry "ISR"]
[SourceTitle "CBM 199 Extra"]
[Source "ChessBase"]
[SourceDate "2021.01.31"]
[SourceVersion "1"]
[SourceVersionDate "2021.01.31"]
[SourceQuality "1"]

1. e4 c5 2. Nf3 Nc6 3. d4 cxd4 4. Nxd4 e5 5. Nb5 d6 6. N1c3 a6 7. Na3 Be7 8. Nd5 Nf6 9. c4 Nxe4 10. Bd3 Nc5 11. Bc2 0-0 12. 0-0 Be6 13. Be3 f5 14. f4 e4 15. b4 Nd7 16. b5 axb5 17. Nxb5 Nf6 18. Ndc7 Bxc4 19. Bb3 Bxb3 20. Qxb3+ d5 21. Nxa8 Qxa8 22. Nc7 Qd8 23. Ne6 Qd7 24. Nxf8 Kxf8 25. Rfd1 d4 26. Qa4 Bc5 27. Rac1 b6 28. Kh1 Qd6 29. Qa8+ Kf7 30. Qb7+ Ne7 31. Bxd4 Bxd4 32. Rc4 Qxf4 33. Rcxd4 Ng4 34. g3 Qf3+ 35. Kg1 Qf2+ 0-1

[Event "Eljanov Memorial 6th"]
[Site "Chess.com INT"]
[Date "2020.10.29"]
[Round "8"]
[White "Ivanov, Taras"]
[Black "Galichin, Yury"]
[Result "0-1"]
[WhiteElo "1485"]
[BlackElo "2146"]
[PlyCount "56"]
[EventDate "2020.10.29"]
[EventType "swiss (blitz)"]
[EventRounds "9"]
[EventCountry "UKR"]
[SourceTitle "CBM 199 Extra"]
[Source "ChessBase"]
[SourceDate "2021.01.31"]
[SourceVersion "1"]
[SourceVersionDate "2021.01.31"]
[SourceQuality "1"]

1. d4 d5 2. c4 Bf5 3. Nf3 e6 4. g3 Nc6 5. Bg2 Nb4 6. Na3 c6 7. 0-0 h6 8. b3 Nf6 9. Bb2 Be7 10. Nd2 0-0 11. f3 Qb6 12. e4 Nd3 13. Qc2 Nxb2 14. Qxb2 Bxa3 15. Qxa3 Qxd4+ 16. Kh1 Qxd2 17. exf5 exf5 18. Rad1 Qc3 19. Rc1 Qd4 20. Rfd1 Qf2 21. c5 Rfe8 22. Qb4 Re2 23. Rg1 Rae8 24. Rcf1 Qe3 25. Qxb7 f4 26. Qxc6 fxg3 27. hxg3 Qg5 28. Bh3 Qh5 0-1